000 00209 a2200097 4500
001 15178
100 _aWilliams G
245 _aA synopsis of economics
260 _aLondon
_bMethuen
_c
090 _c11919
_d11919
942 _aNUST-CAE
_cM
_c2135
999 _c250251
_d250251